000 00197nam a2200085Ia 4500
008 170620s9999 xx 000 0 und d
100 _aBasus - D. D.
245 0 _aAdministrative Law
260 _bKamal Law House
260 _c2000
999 _c28789
_d28789